<?xml version="1.0" encoding="UTF-8"?>
<record
    xmlns:xsi="http://www.w3.org/2001/XMLSchema-instance"
    xsi:schemaLocation="http://www.loc.gov/MARC21/slim http://www.loc.gov/standards/marcxml/schema/MARC21slim.xsd"
    xmlns="http://www.loc.gov/MARC21/slim">

  <leader>01534nam a22002537a 4500</leader>
  <controlfield tag="003">NALT</controlfield>
  <controlfield tag="005">20230112142145.0</controlfield>
  <controlfield tag="008">      s2556    th                  tha d</controlfield>
  <datafield tag="020" ind1=" " ind2=" ">
    <subfield code="a">9786167213217</subfield>
  </datafield>
  <datafield tag="040" ind1=" " ind2=" ">
    <subfield code="a">NALT</subfield>
  </datafield>
  <datafield tag="041" ind1=" " ind2=" ">
    <subfield code="a">tha</subfield>
  </datafield>
  <datafield tag="090" ind1=" " ind2=" ">
    <subfield code="a">KF 43 </subfield>
    <subfield code="b">&#xE08;416&#xE01; 2556</subfield>
  </datafield>
  <datafield tag="100" ind1="0" ind2=" ">
    <subfield code="a">&#xE13;&#xE10;&#xE01;&#xE23; &#xE28;&#xE23;&#xE35;&#xE41;&#xE01;&#xE49;&#xE27;</subfield>
    <subfield code="9">19704</subfield>
  </datafield>
  <datafield tag="245" ind1="1" ind2="0">
    <subfield code="a">&#xE01;&#xE32;&#xE23;&#xE08;&#xE31;&#xE14;&#xE17;&#xE33;&#xE15;&#xE31;&#xE27;&#xE0A;&#xE35;&#xE49;&#xE27;&#xE31;&#xE14;&#xE2A;&#xE34;&#xE17;&#xE18;&#xE34;&#xE21;&#xE19;&#xE38;&#xE29;&#xE22;&#xE0A;&#xE19;&#xE40;&#xE1A;&#xE37;&#xE49;&#xE2D;&#xE07;&#xE15;&#xE49;&#xE19;&#xE15;&#xE32;&#xE21;&#xE1B;&#xE0F;&#xE34;&#xE0D;&#xE0D;&#xE32;&#xE2A;&#xE32;&#xE01;&#xE25;&#xE27;&#xE48;&#xE32;&#xE14;&#xE49;&#xE27;&#xE22;&#xE2A;&#xE34;&#xE17;&#xE18;&#xE34;&#xE21;&#xE19;&#xE38;&#xE29;&#xE22;&#xE0A;&#xE19; /</subfield>
    <subfield code="c">&#xE13;&#xE10;&#xE01;&#xE23; &#xE28;&#xE23;&#xE35;&#xE41;&#xE01;&#xE49;&#xE27;, &#xE08;&#xE34;&#xE15;&#xE15;&#xE28;&#xE38;&#xE20;&#xE32;&#xE07;&#xE04;&#xE4C; &#xE15;&#xE31;&#xE19;&#xE15;&#xE34;&#xE20;&#xE34;&#xE23;&#xE21;&#xE22;&#xE4C;, &#xE1A;&#xE38;&#xE0D;&#xE41;&#xE17;&#xE19; &#xE15;&#xE31;&#xE19;&#xE2A;&#xE38;&#xE40;&#xE17;&#xE1E;&#xE27;&#xE35;&#xE23;&#xE27;&#xE07;&#xE28;&#xE4C;.</subfield>
  </datafield>
  <datafield tag="260" ind1=" " ind2=" ">
    <subfield code="a">&#xE01;&#xE23;&#xE38;&#xE07;&#xE40;&#xE17;&#xE1E;&#xE2F; : </subfield>
    <subfield code="b">&#xE2A;&#xE33;&#xE19;&#xE31;&#xE01;&#xE07;&#xE32;&#xE19;&#xE04;&#xE13;&#xE30;&#xE01;&#xE23;&#xE23;&#xE21;&#xE01;&#xE32;&#xE23;&#xE2A;&#xE34;&#xE17;&#xE18;&#xE34;&#xE21;&#xE19;&#xE38;&#xE29;&#xE22;&#xE0A;&#xE19;&#xE41;&#xE2B;&#xE48;&#xE07;&#xE0A;&#xE32;&#xE15;&#xE34;, </subfield>
    <subfield code="c">2556.</subfield>
  </datafield>
  <datafield tag="300" ind1=" " ind2=" ">
    <subfield code="a">179 &#xE2B;&#xE19;&#xE49;&#xE32; :</subfield>
    <subfield code="b">&#xE15;&#xE32;&#xE23;&#xE32;&#xE07; ;</subfield>
    <subfield code="c">30 &#xE0B;&#xE21;.</subfield>
  </datafield>
  <datafield tag="650" ind1=" " ind2="4">
    <subfield code="a">&#xE2A;&#xE34;&#xE17;&#xE18;&#xE34;&#xE21;&#xE19;&#xE38;&#xE29;&#xE22;&#xE0A;&#xE19; </subfield>
    <subfield code="9">19729</subfield>
    <subfield code="x">&#xE27;&#xE34;&#xE08;&#xE31;&#xE22;</subfield>
  </datafield>
  <datafield tag="650" ind1=" " ind2="4">
    <subfield code="a">&#xE2A;&#xE34;&#xE17;&#xE18;&#xE34;&#xE21;&#xE19;&#xE38;&#xE29;&#xE22;&#xE0A;&#xE19;</subfield>
    <subfield code="9">27797</subfield>
    <subfield code="x">&#xE41;&#xE07;&#xE48;&#xE01;&#xE0E;&#xE2B;&#xE21;&#xE32;&#xE22; </subfield>
    <subfield code="x">&#xE15;&#xE31;&#xE27;&#xE0A;&#xE35;&#xE49;&#xE27;&#xE31;&#xE14;</subfield>
  </datafield>
  <datafield tag="700" ind1="0" ind2=" ">
    <subfield code="9">19705</subfield>
    <subfield code="a">&#xE08;&#xE34;&#xE15;&#xE15;&#xE28;&#xE38;&#xE20;&#xE32;&#xE07;&#xE04;&#xE4C; &#xE15;&#xE31;&#xE19;&#xE15;&#xE34;&#xE20;&#xE34;&#xE23;&#xE21;&#xE22;&#xE4C;</subfield>
  </datafield>
  <datafield tag="700" ind1="0" ind2=" ">
    <subfield code="a">&#xE1A;&#xE38;&#xE0D;&#xE41;&#xE17;&#xE19; &#xE15;&#xE31;&#xE19;&#xE2A;&#xE38;&#xE40;&#xE17;&#xE1E;&#xE27;&#xE35;&#xE23;&#xE27;&#xE07;&#xE28;&#xE4C;</subfield>
    <subfield code="9">19703</subfield>
  </datafield>
  <datafield tag="850" ind1=" " ind2=" ">
    <subfield code="a">NALT</subfield>
  </datafield>
  <datafield tag="942" ind1=" " ind2=" ">
    <subfield code="c">RSH</subfield>
    <subfield code="2">local</subfield>
  </datafield>
  <datafield tag="998" ind1=" " ind2=" ">
    <subfield code="b">&#xE0A;&#xE27;&#xE19;&#xE1E;&#xE34;&#xE0A;&#xE0D;&#xE4C;  &#xE23;&#xE31;&#xE15;&#xE19;&#xE32;&#xE44;&#xE1E;&#xE1A;&#xE39;&#xE25;&#xE22;&#xE4C;</subfield>
    <subfield code="b">phon</subfield>
    <subfield code="c">101</subfield>
    <subfield code="j">111</subfield>
    <subfield code="k"> &#xE19;&#xE32;&#xE07;&#xE2A;&#xE32;&#xE27;&#xE1E;&#xE08;&#xE1E;&#xE34;&#xE13;  &#xE1E;&#xE23;&#xE21;&#xE40;&#xE2D;&#xE35;&#xE48;&#xE22;&#xE21;</subfield>
  </datafield>
  <datafield tag="999" ind1=" " ind2=" ">
    <subfield code="c">71293</subfield>
    <subfield code="d">71293</subfield>
  </datafield>
  <datafield tag="952" ind1=" " ind2=" ">
    <subfield code="0">0</subfield>
    <subfield code="1">0</subfield>
    <subfield code="2">local</subfield>
    <subfield code="4">0</subfield>
    <subfield code="7">0</subfield>
    <subfield code="8">CRSH</subfield>
    <subfield code="a">NALT</subfield>
    <subfield code="b">NALT</subfield>
    <subfield code="c">RSH</subfield>
    <subfield code="d">2022-11-23</subfield>
    <subfield code="e">&#xE1A;&#xE23;&#xE34;&#xE08;&#xE32;&#xE04;</subfield>
    <subfield code="l">3</subfield>
    <subfield code="m">3</subfield>
    <subfield code="o">&#xE27; KF 43 &#xE08;416&#xE01; 2556</subfield>
    <subfield code="p">3961198272</subfield>
    <subfield code="r">2023-02-01 00:00:00</subfield>
    <subfield code="s">2023-01-12</subfield>
    <subfield code="w">2017-06-09</subfield>
    <subfield code="y">RSH</subfield>
  </datafield>
  <datafield tag="952" ind1=" " ind2=" ">
    <subfield code="0">0</subfield>
    <subfield code="1">0</subfield>
    <subfield code="2">local</subfield>
    <subfield code="4">0</subfield>
    <subfield code="7">0</subfield>
    <subfield code="8">CSEN</subfield>
    <subfield code="a">NALT</subfield>
    <subfield code="b">NALT</subfield>
    <subfield code="c">RSH</subfield>
    <subfield code="d">2024-12-14</subfield>
    <subfield code="l">0</subfield>
    <subfield code="o">&#xE27; KF 43 &#xE08;416&#xE01; 2556</subfield>
    <subfield code="p">0100007463001</subfield>
    <subfield code="r">2024-12-14 00:00:00</subfield>
    <subfield code="w">2024-12-14</subfield>
    <subfield code="y">RSH</subfield>
  </datafield>
</record>
